000 00451nam a22001337a 4500
020 _a9783319669984
082 _a629.8 TZA
100 _aTzafestas, Spyros G.
_969525
245 _aEnergy, information, feedback, and self-organization: the fundamental elements of life and society
260 _aSwitzerland
_bSpringer
_c2018
300 _axxi,668 P
650 _aIntelligent System, Control and Automation:Science and Engineering
_969526
942 _cBK
999 _c576767
_d576767